[Event "Rheinhausen-ch 13th"]
[Site "Duisburg Rheinhausen"]
[Date "2009.01.09"]
[Round "1"]
[White "Vasiljev, Jurij"]
[Black "Wu, Fan"]
[Result "1-0"]
[WhiteElo "2021"]
[BlackElo "1533"]
[PlyCount "53"]
[EventDate "2009.01.09"]
[EventType "swiss"]
[EventRounds "7"]
[EventCountry "GER"]
[SourceTitle "EXT 2018"]
[Source "ChessBase"]
[SourceDate "2017.10.13"]
[SourceVersion "1"]
[SourceVersionDate "2017.10.13"]
[SourceQuality "1"]

1. d4 e6 2. c4 f5 3. Nf3 Nf6 4. Nc3 Bb4 5. Qc2 0-0 6. e3 d6 7. Bd3 Bxc3+ 8. bxc3 b6 9. 0-0 Bb7 10. Ng5 Qe7 11. d5 Nxd5 12. Nxh7 Nxe3 13. fxe3 Kxh7 14. e4 g6 15. Rf3 Nd7 16. Rh3+ Kg8 17. exf5 gxf5 18. Bh6 Rf7 19. Qf2 Rh7 20. Re1 Ne5 21. Qg3+ Kf7 22. Be2 Rg8 23. Bh5+ Ng6 24. Bg5 f4 25. Qxf4+ Kg7 26. Bxg6 Rf8 27. Rxh7+ 1-0